Business Research Methods (Record no. 245068)

MARC details
000 -LEADER
fixed length control field 00467nam a2200193Ia 4500
008 - FIXED-LENGTH DATA ELEMENTS--GENERAL INFORMATION
fixed length control field 240913s9999||||xx |||||||||||||| ||und||
082 ## - DEWEY DECIMAL CLASSIFICATION NUMBER
-- 658..0072 N5
100 ## - MAIN ENTRY--PERSONAL NAME
Personal name Cooper,Donald R
245 #0 - TITLE STATEMENT
Title Business Research Methods
250 ## - EDITION STATEMENT
Edition statement 5th
260 ## - PUBLICATION, DISTRIBUTION, ETC. (IMPRINT)
Date of publication, distribution, etc 1995
Name of publisher, distributor, etc Irwin,London
500 ## - GENERAL NOTE
General note REFERENCE
650 ## - SUBJECT ADDED ENTRY--TOPICAL TERM
Topical term or geographic name as entry element Management
700 ## - ADDED ENTRY--PERSONAL NAME
Personal name Empry,William C
942 ## - ADDED ENTRY ELEMENTS (KOHA)
Item type Reference
Holdings
Withdrawn status Lost status Damaged status Permanent location Current location Shelving location Date acquired Cost, normal purchase price Full call number Barcode Date last seen Koha item type
      CENTRAL LIBRARY, NOORUL ISLAM CENTRE FOR HIGHER EDUCATION CENTRAL LIBRARY, NOORUL ISLAM CENTRE FOR HIGHER EDUCATION Management Studies 05/09/2003 750.00 658..0072 N5 17636 09/13/2024 Reference
Visitors:
Copyright © 2024 Central Library NICHE.  All rights reserved.